[Event "CYCC U10"]
[Site "Ottawa CAN"]
[Date "2007.07.05"]
[Round "6"]
[White "Leu, Steven"]
[Black "Jensen, Jacob"]
[Result "1-0"]
[WhiteElo "1530"]
[BlackElo "1335"]
[PlyCount "55"]
[GameId "2160767910650778"]
[EventDate "2007.07.03"]
[EventType "swiss"]
[EventRounds "7"]
[EventCountry "CAN"]
[SourceTitle "EXT 2022"]
[Source "ChessBase"]
[SourceDate "2021.10.06"]
[SourceVersion "1"]
[SourceVersionDate "2021.10.06"]
[SourceQuality "1"]

1. e4 c5 2. Nf3 d6 3. d4 cxd4 4. Nxd4 Nf6 5. Nc3 a6 6. f3 e6 7. Be3 Be7 8. Qd2 O-O 9. g4 b5 10. a3 Bb7 11. h4 Qc7 12. h5 Nc6 13. g5 Nxd4 14. Qxd4 Ne8 15. Qd2 Rd8 16. Qf2 d5 17. Bb6 Qd7 18. Bxd8 Qxd8 19. O-O-O Bxg5+ 20. Kb1 Nc7 21. f4 Qf6 22. Qb6 Qxf4 23. Qxb7 dxe4 24. Qxe4 Qf2 25. Bd3 f6 26. Qxh7+ Kf7 27. Bg6+ Ke7 28. Qxg7+ 1-0

[Event "CYCC U10"]
[Site "Ottawa CAN"]
[Date "2007.07.05"]
[Round "6"]
[White "Leveille, Francois1"]
[Black "Blair, Jeffrey"]
[Result "0-1"]
[WhiteElo "988"]
[BlackElo "1065"]
[PlyCount "44"]
[GameId "2160767910650779"]
[EventDate "2007.07.03"]
[EventType "swiss"]
[EventRounds "7"]
[EventCountry "CAN"]
[SourceTitle "EXT 2022"]
[Source "ChessBase"]
[SourceDate "2021.10.06"]
[SourceVersion "1"]
[SourceVersionDate "2021.10.06"]
[SourceQuality "1"]

1. e4 c5 2. Nf3 d6 3. d4 cxd4 4. Nxd4 e5 5. Nf3 Bg4 6. Nc3 Nc6 7. h3 Bxf3 8. Qxf3 Nd4 9. Qd1 Nf6 10. Be3 d5 11. exd5 Nxd5 12. Bxd4 exd4 13. Qxd4 Nxc3 14. Qxd8+ Rxd8 15. bxc3 Rc8 16. Rb1 Rxc3 17. Rxb7 Ra3 18. Bb5+ Kd8 19. O-O Rxa2 20. Rd1+ Kc8 21. Rdd7 Bd6 22. Bc6 Ra1+ 0-1

[Event "CYCC U10"]
[Site "Ottawa CAN"]
[Date "2007.07.05"]
[Round "6"]
[White "Liu, Steven2"]
[Black "Kalra, Agastya"]
[Result "1-0"]
[WhiteElo "1561"]
[BlackElo "1365"]
[PlyCount "57"]
[GameId "2160767910650780"]
[EventDate "2007.07.03"]
[EventType "swiss"]
[EventRounds "7"]
[EventCountry "CAN"]
[SourceTitle "EXT 2022"]
[Source "ChessBase"]
[SourceDate "2021.10.06"]
[SourceVersion "1"]
[SourceVersionDate "2021.10.06"]
[SourceQuality "1"]

1. e4 c5 2. Nf3 d6 3. Nc3 Nf6 4. Bb5+ Bd7 5. Bxd7+ Nbxd7 6. d3 g6 7. O-O Bg7 8. h3 O-O 9. Be3 Qc7 10. Qd2 Nb6 11. Bh6 c4 12. Bxg7 Kxg7 13. Rfe1 Rac8 14. d4 Nbd7 15. Ne2 Nxe4 16. Qd1 Qb6 17. Qc1 c3 18. Nxc3 Nxc3 19. bxc3 Rxc3 20. Rxe7 Nf6 21. Rb1 Qa5 22. Rexb7 Qxa2 23. R1b2 Qa3 24. Ng5 h6 25. Ne6+ Kg8 26. Qxh6 Qa1+ 27. Rb1 Qxb1+ 28. Rxb1 fxe6 29. Qxg6+ 1-0

[Event "CYCC U10"]
[Site "Ottawa CAN"]
[Date "2007.07.05"]
[Round "6"]
[White "McCleary, Reuben"]
[Black "Jean, Justin"]
[Result "1/2-1/2"]
[WhiteElo "1075"]
[BlackElo "1157"]
[PlyCount "53"]
[GameId "2160767910650781"]
[EventDate "2007.07.03"]
[EventType "swiss"]
[EventRounds "7"]
[EventCountry "CAN"]
[SourceTitle "EXT 2022"]
[Source "ChessBase"]
[SourceDate "2021.10.06"]
[SourceVersion "1"]
[SourceVersionDate "2021.10.06"]
[SourceQuality "1"]

1. e4 c5 2. Nf3 Nc6 3. Bc4 d6 4. d3 Nf6 5. Nc3 a6 6. Bg5 b5 7. Bb3 e6 8. O-O h6 9. Bxf6 Qxf6 10. Re1 Nd4 11. Nxd4 Qxd4 12. Rb1 Bd7 13. Ne2 Qf6 14. Ng3 a5 15. a3 a4 16. Ba2 Qd8 17. e5 d5 18. d4 c4 19. c3 Be7 20. Nh5 Bf8 21. Qg4 g6 22. Nf6+ Ke7 23. Qh4 g5 24. Qg4 Bg7 25. Qf3 Bxf6 26. exf6+ Ke8 27. Rbd1 1/2-1/2

[Event "CYCC U10"]
[Site "Ottawa CAN"]
[Date "2007.07.05"]
[Round "6"]
[White "Sabaratnam, Thiruvaran"]
[Black "Luo, Zhao Yang"]
[Result "1/2-1/2"]
[WhiteElo "1464"]
[BlackElo "1795"]
[PlyCount "62"]
[GameId "2160767910650783"]
[EventDate "2007.07.03"]
[EventType "swiss"]
[EventRounds "7"]
[EventCountry "CAN"]
[SourceTitle "EXT 2022"]
[Source "ChessBase"]
[SourceDate "2021.10.06"]
[SourceVersion "1"]
[SourceVersionDate "2021.10.06"]
[SourceQuality "1"]

1. e4 e5 2. Nf3 Nc6 3. Bc4 Bc5 4. Nc3 Nf6 5. d3 h6 6. h3 d6 7. O-O Be6 8. Bb3 O-O 9. Be3 Bb6 10. Re1 Re8 11. Nd5 Bxd5 12. Bxd5 Nxd5 13. exd5 Ne7 14. c4 f5 15. Bxb6 axb6 16. b3 Ng6 17. Qd2 Qf6 18. a4 e4 19. dxe4 Rxe4 20. Rad1 Rae8 21. Rxe4 Rxe4 22. Re1 Rxe1+ 23. Qxe1 Ne5 24. Nxe5 dxe5 25. Qc3 Kf7 26. Qf3 e4 27. Qf4 c6 28. dxc6 bxc6 29. Qc7+ Kg8 30. Qxb6 Qa1+ 31. Kh2 Qe5+ 1/2-1/2

[Event "CYCC U10"]
[Site "Ottawa CAN"]
[Date "2007.07.05"]
[Round "6"]
[White "Sharma, Pranav"]
[Black "Lai, Peter"]
[Result "0-1"]
[WhiteElo "1117"]
[BlackElo "1549"]
[PlyCount "96"]
[GameId "2160767910650784"]
[EventDate "2007.07.03"]
[EventType "swiss"]
[EventRounds "7"]
[EventCountry "CAN"]

1. e4 e6 2. d4 d5 3. e5 c5 4. Nf3 Nc6 5. Bb5 Qb6 6. Nc3 Bd7 7. O-O cxd4 8. Bxc6 Bxc6 9. Nxd4 Ne7 10. Be3 Qc7 11. Nxc6 Nxc6 12. Re1 Be7 13. Qg4 Qxe5 14. Bh6 Qf6 15. Bxg7 Rg8 16. Bxf6 Rxg4 17. Bxe7 Nxe7 18. h3 Rg6 19. Nb5 Kd7 20. Kh2 Rag8 21. Rg1 Nf5 22. g4 Nh4 23. Kg3 Nf5+ 24. Kf3 a6 25. Rgd1 Nh4+ 26. Kg3 Nf5+ 27. Kf3 axb5 28. gxf5 Rf6 29. Ke2 Rxf5 30. Rg1 Re5+ 31. Kd2 Rg6 32. Rxg6 hxg6 33. Re1 Rf5 34. Ke2 Rh5 35. Rh1 Rh4 36. Kf3 b4 37. Kg3 Rc4 38. b3 Rc3+ 39. Kg2 Kd6 40. Rc1 b5 41. Kf1 d4 42. Ke2 Kd5 43. Kd2 e5 44. Ra1 e4 45. a4 bxa3 46. Rxa3 Rf3 47. Ke2 Rc3 48. Kd2 Rxh3 0-1

[Event "CYCC U10"]
[Site "Ottawa CAN"]
[Date "2007.07.05"]
[Round "6"]
[White "Sreeraman, Shreyas"]
[Black "Gauvin, Mathieu"]
[Result "1-0"]
[WhiteElo "1061"]
[BlackElo "977"]
[PlyCount "89"]
[GameId "2160767910650785"]
[EventDate "2007.07.03"]
[EventType "swiss"]
[EventRounds "7"]
[EventCountry "CAN"]
[SourceTitle "EXT 2022"]
[Source "ChessBase"]
[SourceDate "2021.10.06"]
[SourceVersion "1"]
[SourceVersionDate "2021.10.06"]
[SourceQuality "1"]

1. e4 e5 2. Nf3 f6 3. Nc3 c6 4. d3 d5 5. Be3 dxe4 6. Nxe4 Bf5 7. Nc3 c5 8. g3 Nc6 9. Bg2 Nb4 10. a3 Nc6 11. O-O e4 12. dxe4 Bxe4 13. Nxe4 Qxd1 14. Raxd1 Nh6 15. Bxc5 Bxc5 16. Nxc5 O-O 17. Nxb7 Rab8 18. Rd7 Rfe8 19. Re1 Rxe1+ 20. Nxe1 Re8 21. Nd3 Nd4 22. Rxd4 g5 23. Rd8 Rxd8 24. Nxd8 Nf7 25. Nxf7 Kxf7 26. b4 h5 27. c4 Ke7 28. a4 f5 29. b5 Kd7 30. Nc5+ Kd6 31. Nb3 h4 32. gxh4 gxh4 33. b6 axb6 34. c5+ bxc5 35. a5 c4 36. Nd4 c3 37. Nb5+ Kc5 38. Nxc3 Kd6 39. a6 f4 40. a7 Ke5 41. a8=Q Kd4 42. Nb5+ Kd3 43. Qa3+ Ke2 44. Nd4+ Kd1 45. Bf3+ 1-0

[Event "CYCC U10"]
[Site "Ottawa CAN"]
[Date "2007.07.05"]
[Round "6"]
[White "Swift, Ryne"]
[Black "Mongenais, Jacob"]
[Result "0-1"]
[WhiteElo "1041"]
[BlackElo "1487"]
[PlyCount "50"]
[GameId "2160767910650786"]
[EventDate "2007.07.03"]
[EventType "swiss"]
[EventRounds "7"]
[EventCountry "CAN"]
[SourceTitle "EXT 2022"]
[Source "ChessBase"]
[SourceDate "2021.10.06"]
[SourceVersion "1"]
[SourceVersionDate "2021.10.06"]
[SourceQuality "1"]

1. e4 e5 2. Nf3 Nc6 3. Bc4 Nf6 4. Ng5 d5 5. exd5 Na5 6. d3 Bc5 7. O-O Bg4 8. Nf3 Nxd5 9. Bb3 Nf6 10. Bxf7+ Kxf7 11. Nxe5+ Kf8 12. Nxg4 Nc6 13. Bg5 h5 14. Nxf6 gxf6 15. Qf3 Kg7 16. Be3 Bxe3 17. fxe3 Ne5 18. Qg3+ Ng4 19. h3 Kf7 20. hxg4 hxg4 21. Qxg4 Qe7 22. Kf2 Rae8 23. Qf3 Qe5 24. Nc3 Re6 25. Qxb7 Qxe3# 0-1

[Event "CYCC U10"]
[Site "Ottawa CAN"]
[Date "2007.07.05"]
[Round "6"]
[White "Tremblay, Kevin"]
[Black "Boucher, Maxime"]
[Result "1-0"]
[WhiteElo "1293"]
[BlackElo "964"]
[PlyCount "71"]
[GameId "2160767910650787"]
[EventDate "2007.07.03"]
[EventType "swiss"]
[EventRounds "7"]
[EventCountry "CAN"]
[SourceTitle "EXT 2022"]
[Source "ChessBase"]
[SourceDate "2021.10.06"]
[SourceVersion "1"]
[SourceVersionDate "2021.10.06"]
[SourceQuality "1"]

1. e4 e5 2. Nf3 Nf6 3. Nxe5 Nxe4 4. Qe2 d5 5. d3 Nc5 6. Nc6+ Kd7 7. Nxd8 Kxd8 8. Nc3 d4 9. Nd5 c6 10. Nf4 Bd6 11. g3 g6 12. Bg2 h5 13. h4 Bg4 14. f3 Bf5 15. O-O Re8 16. Qd1 Na4 17. c3 Na6 18. Qxa4 Nc5 19. Qd1 dxc3 20. Re1 cxb2 21. Bxb2 Be7 22. Ba3 b6 23. d4 Ne6 24. Nxe6+ Bxe6 25. Bxe7+ Rxe7 26. f4 Bg4 27. Bf3 Bf5 28. Rxe7 Kxe7 29. Bxc6 Rc8 30. Rc1 Bg4 31. Bf3 Bd7 32. Rxc8 Bxc8 33. Qe1+ Kf8 34. Qb4+ Kg7 35. Qa3 a5 36. Qb3 1-0

[Event "CYCC U10"]
[Site "Ottawa CAN"]
[Date "2007.07.06"]
[Round "7"]
[White "Dumais, Jean Philippe"]
[Black "McCleary, Reuben"]
[Result "1/2-1/2"]
[WhiteElo "1153"]
[BlackElo "1075"]
[PlyCount "117"]
[GameId "2160767910650792"]
[EventDate "2007.07.03"]
[EventType "swiss"]
[EventRounds "7"]
[EventCountry "CAN"]
[SourceTitle "EXT 2022"]
[Source "ChessBase"]
[SourceDate "2021.10.06"]
[SourceVersion "1"]
[SourceVersionDate "2021.10.06"]
[SourceQuality "1"]

1. e4 e6 2. Nf3 d5 3. exd5 exd5 4. Nc3 Nf6 5. d4 Bb4 6. Bf4 O-O 7. Bb5 Bd7 8. Bxd7 Nbxd7 9. O-O Ng4 10. Nxd5 Ba5 11. Qd3 Nb8 12. Ng5 g6 13. Qh3 h5 14. Ne3 Qxd4 15. Qf3 Ne5 16. Bxe5 Qxe5 17. Qxb7 Nd7 18. Nf3 Qf6 19. Qb5 Bb6 20. Qxd7 Qxb2 21. Nc4 Qxc2 22. Nxb6 cxb6 23. Nd4 Qd2 24. Rfd1 Qc3 25. Nc6 a5 26. Rab1 Ra6 27. h3 b5 28. Rxb5 Rxc6 29. Rxa5 Qxa5 30. Qxc6 Qxa2 31. g4 Qb3 32. Rd7 Qxh3 33. gxh5 Qxh5 34. Qd6 Qh3 35. Qd3 Qxd3 36. Rxd3 Kg7 37. Kg2 Rc8 38. Kg3 Rc2 39. Kf3 Kf6 40. Ke3 Ke5 41. f3 Rc4 42. Rb3 g5 43. Rb7 Rc3+ 44. Ke2 Kf5 45. Rb4 Kg6 46. Kf2 f5 47. Ke2 Kh5 48. Kf2 g4 49. fxg4+ fxg4 50. Kg2 Kh4 51. Kh2 Rd3 52. Rc4 Kg5 53. Re4 Kf5 54. Ra4 Rh3+ 55. Kg2 Rc3 56. Kh2 g3+ 57. Kh3 Ke5 58. Kg2 Rd3 59. Kh3 1/2-1/2

[Event "CYCC U10"]
[Site "Ottawa CAN"]
[Date "2007.07.06"]
[Round "7"]
[White "Dunne, Francesco"]
[Black "Sharma, Pranav"]
[Result "0-1"]
[WhiteElo "1315"]
[BlackElo "1117"]
[PlyCount "60"]
[GameId "2160767910650793"]
[EventDate "2007.07.03"]
[EventType "swiss"]
[EventRounds "7"]
[EventCountry "CAN"]
[SourceTitle "EXT 2022"]
[Source "ChessBase"]
[SourceDate "2021.10.06"]
[SourceVersion "1"]
[SourceVersionDate "2021.10.06"]
[SourceQuality "1"]

1. e4 e5 2. Nf3 Nc6 3. Bc4 Bc5 4. c3 d6 5. d4 Bb6 6. O-O Nf6 7. d5 Ne7 8. Bb5+ Bd7 9. Bxd7+ Qxd7 10. Nbd2 O-O 11. h3 Ng6 12. Re1 Nf4 13. Nc4 Bc5 14. Bxf4 exf4 15. b4 Bb6 16. Nxb6 cxb6 17. Qd2 Rac8 18. Qxf4 Rxc3 19. e5 dxe5 20. Rxe5 Qd6 21. Qg5 Nd7 22. Re4 Nf6 23. Nh4 Nxe4 24. Qg4 Rfc8 25. Rf1 Nd2 26. Nf5 Qf6 27. d6 Rd8 28. Ne7+ Kh8 29. Re1 Rc2 30. Nd5 Qxd6 0-1

[Event "CYCC U10"]
[Site "Ottawa CAN"]
[Date "2007.07.06"]
[Round "7"]
[White "Gauvin, Mathieu"]
[Black "Blair, Jeffrey"]
[Result "0-1"]
[WhiteElo "977"]
[BlackElo "1065"]
[PlyCount "88"]
[GameId "2160767910650794"]
[EventDate "2007.07.03"]
[EventType "swiss"]
[EventRounds "7"]
[EventCountry "CAN"]
[SourceTitle "EXT 2022"]
[Source "ChessBase"]
[SourceDate "2021.10.06"]
[SourceVersion "1"]
[SourceVersionDate "2021.10.06"]
[SourceQuality "1"]

1. e4 e5 2. f3 Nc6 3. d3 Nf6 4. a4 Bc5 5. c3 Bxg1 6. Rxg1 O-O 7. Bg5 h6 8. Be3 d6 9. Be2 d5 10. exd5 Nxd5 11. Qd2 Na5 12. g4 Nb3 13. Bg5 hxg5 14. Qc2 Nxa1 15. Qd2 Nb3 16. Qc2 Nc5 17. c4 Nf6 18. Rg3 Nh7 19. Rh3 g6 20. Qc3 Re8 21. Kd1 Qd4 22. Qxd4 exd4 23. a5 b6 24. axb6 axb6 25. b4 Ra1 26. bxc5 Rxb1+ 27. Kc2 Re1 28. Bd1 bxc5 29. Kd2 Bd7 30. Rg3 f5 31. gxf5 gxf5 32. f4 g4 33. h3 R1e7 34. hxg4 fxg4 35. Bxg4 Bxg4 36. Rxg4+ Kf7 37. f5 Nf6 38. Rg6 Rg8 39. Rh6 Rg5 40. Rh4 Rxf5 41. Rh2 Rh5 42. Rf2 Rh3 43. Rg2 Ree3 44. Re2 Rxd3+ 0-1

[Event "CYCC U10"]
[Site "Ottawa CAN"]
[Date "2007.07.06"]
[Round "7"]
[White "Jean, Justin"]
[Black "Swift, Ryne"]
[Result "0-1"]
[WhiteElo "1157"]
[BlackElo "1041"]
[PlyCount "76"]
[GameId "2160767910650795"]
[EventDate "2007.07.03"]
[EventType "swiss"]
[EventRounds "7"]
[EventCountry "CAN"]
[SourceTitle "EXT 2022"]
[Source "ChessBase"]
[SourceDate "2021.10.06"]
[SourceVersion "1"]
[SourceVersionDate "2021.10.06"]
[SourceQuality "1"]

1. e4 e5 2. Nf3 Nc6 3. Bc4 Bc5 4. O-O Nf6 5. Nc3 O-O 6. d3 Be7 7. Be3 d6 8. Qd2 Ng4 9. h3 Nxe3 10. Qxe3 Nb4 11. Qd2 Nc6 12. Bd5 Nb4 13. a3 Nxd5 14. Nxd5 Be6 15. Nxe7+ Qxe7 16. d4 f6 17. d5 Bf7 18. b4 Bg6 19. Rfe1 f5 20. exf5 Bxf5 21. c4 Rad8 22. Rad1 h6 23. a4 Bg6 24. a5 Bh5 25. g4 Bxg4 26. hxg4 Rxf3 27. Re3 Rxe3 28. Qxe3 Qh4 29. f3 Qg3+ 30. Kf1 Rf8 31. Ke2 Qf4 32. Qxf4 Rxf4 33. Rc1 e4 34. Rf1 exf3+ 35. Rxf3 Rxg4 36. Rc3 Rf4 37. Ke3 Rh4 38. Kf3 Rh3+ 0-1

[Event "CYCC U10"]
[Site "Ottawa CAN"]
[Date "2007.07.06"]
[Round "7"]
[White "Jensen, Jacob"]
[Black "Yang, Bryant"]
[Result "1/2-1/2"]
[WhiteElo "1335"]
[BlackElo "1008"]
[PlyCount "57"]
[GameId "2160767910650796"]
[EventDate "2007.07.03"]
[EventType "swiss"]
[EventRounds "7"]
[EventCountry "CAN"]
[SourceTitle "EXT 2022"]
[Source "ChessBase"]
[SourceDate "2021.10.06"]
[SourceVersion "1"]
[SourceVersionDate "2021.10.06"]
[SourceQuality "1"]

1. c4 e5 2. Nc3 Nf6 3. g3 Bc5 4. Bg2 Nc6 5. d3 d6 6. Bg5 h6 7. Bxf6 Qxf6 8. e3 O-O 9. Nge2 Bg4 10. h3 Bf3 11. Nd5 Bb4+ 12. Nec3 Bxd1 13. Nxf6+ gxf6 14. Rxd1 f5 15. f4 exf4 16. gxf4 Rfe8 17. Kd2 Kh8 18. Rhg1 Rg8 19. Bd5 Rxg1 20. Rxg1 Rg8 21. Rxg8+ Kxg8 22. a3 Ba5 23. b4 Bb6 24. Na4 Nd8 25. Nxb6 axb6 26. Kc3 c6 27. Bf3 Kf8 28. b5 Ke7 29. a4 1/2-1/2

[Event "CYCC U10"]
[Site "Ottawa CAN"]
[Date "2007.07.06"]
[Round "7"]
[White "Kalra, Agastya"]
[Black "Karavai, Algerd"]
[Result "1-0"]
[WhiteElo "1365"]
[BlackElo "1075"]
[PlyCount "81"]
[GameId "2160767910650797"]
[EventDate "2007.07.03"]
[EventType "swiss"]
[EventRounds "7"]
[EventCountry "CAN"]
[SourceTitle "EXT 2022"]
[Source "ChessBase"]
[SourceDate "2021.10.06"]
[SourceVersion "1"]
[SourceVersionDate "2021.10.06"]
[SourceQuality "1"]

1. e4 e5 2. Nf3 Nf6 3. Nxe5 Qe7 4. d4 d6 5. Nf3 Nxe4 6. Qe2 Nc6 7. Nbd2 d5 8. g3 Bg4 9. Qe3 Nb4 10. Bd3 Nxd3+ 11. cxd3 Nxd2 12. Qxe7+ Bxe7 13. Nxd2 O-O 14. O-O Bh3 15. Re1 Rfe8 16. Nb3 Bb4 17. Rxe8+ Rxe8 18. Bf4 c6 19. f3 h6 20. Kf2 g5 21. Be5 Rf8 22. Bf6 b6 23. g4 Kh7 24. Kg3 Bxg4 25. Kxg4 Kg6 26. a3 h5+ 27. Kh3 Kxf6 28. axb4 Kf5 29. Rxa7 g4+ 30. fxg4+ hxg4+ 31. Kg3 f6 32. Re7 Rh8 33. Nc1 Rh3+ 34. Kg2 Kf4 35. Ne2+ Kg5 36. Ng3 f5 37. Re5 Rh8 38. Rxf5+ Kh4 39. Ne2 Re8 40. Nf4 Re1 41. Ng6# 1-0

[Event "CYCC U10"]
[Site "Ottawa CAN"]
[Date "2007.07.06"]
[Round "7"]
[White "Knox, Christopher"]
[Black "Brichko, Michael"]
[Result "1-0"]
[WhiteElo "1995"]
[BlackElo "1364"]
[PlyCount "115"]
[GameId "2160767910650798"]
[EventDate "2007.07.03"]
[EventType "swiss"]
[EventRounds "7"]
[EventCountry "CAN"]
[SourceTitle "EXT 2022"]
[Source "ChessBase"]
[SourceDate "2021.10.06"]
[SourceVersion "1"]
[SourceVersionDate "2021.10.06"]
[SourceQuality "1"]

1. d4 d5 2. c4 e6 3. Nc3 Nf6 4. cxd5 exd5 5. Bg5 Nbd7 6. e3 c6 7. Bd3 Qb6 8. Qc2 Bd6 9. Nf3 O-O 10. O-O h6 11. Bh4 Re8 12. a3 c5 13. Na4 Qc6 14. dxc5 Nxc5 15. Nxc5 Qxc5 16. Qxc5 Bxc5 17. Rac1 Bd6 18. Bg3 Bxg3 19. hxg3 Re7 20. Nd4 Ne4 21. Bxe4 dxe4 22. Rc3 b6 23. Rfc1 Bb7 24. Rc7 Rxc7 25. Rxc7 Rb8 26. Nb5 a6 27. Nd6 Bd5 28. Rc8+ Rxc8 29. Nxc8 Kf8 30. Nxb6 Be6 31. Na4 Bc8 32. Kf1 Ke7 33. Ke1 Kd6 34. Kd2 a5 35. Kc3 Ba6 36. Kd4 f5 37. g4 fxg4 38. Nc5 h5 39. Nxa6 h4 40. Nc5 h3 41. Nxe4+ Ke6 42. gxh3 gxh3 43. Ng5+ Kf5 44. Nxh3 Kg4 45. e4 Kxh3 46. e5 Kg2 47. e6 Kxf2 48. e7 g5 49. e8=Q g4 50. Qe3+ Kg2 51. b4 axb4 52. axb4 g3 53. b5 Kf1 54. Qxg3 Ke2 55. Qe3+ Kd1 56. Qf2 Kc1 57. Kc3 Kb1 58. Qb2# 1-0

[Event "CYCC U10"]
[Site "Ottawa CAN"]
[Date "2007.07.06"]
[Round "7"]
[White "Lai, Peter"]
[Black "Leu, Steven"]
[Result "1-0"]
[WhiteElo "1549"]
[BlackElo "1530"]
[PlyCount "149"]
[GameId "2160767910650799"]
[EventDate "2007.07.03"]
[EventType "swiss"]
[EventRounds "7"]
[EventCountry "CAN"]

1. d4 Nf6 2. c4 g6 3. Nc3 d5 4. cxd5 Nxd5 5. e4 Nxc3 6. bxc3 Bg7 7. Nf3 c5 8. Be3 Nc6 9. Be2 O-O 10. O-O Qa5 11. Qc2 cxd4 12. Nxd4 Nxd4 13. Bxd4 Bxd4 14. cxd4 b6 15. Rac1 Ba6 16. Bxa6 Qxa6 17. Qc4 Qxc4 18. Rxc4 Rac8 19. Rfc1 Rxc4 20. Rxc4 Rd8 21. a4 Kg7 22. Kf1 Kf6 23. Ke2 Ke6 24. Ke3 Kd7 25. f3 Rc8 26. Rxc8 Kxc8 27. Kd3 e6 28. Kc4 a6 29. g3 Kc7 30. f4 f5 31. exf5 exf5 32. Kd5 Kd7 33. h3 h6 34. g4 g5 35. fxg5 fxg4 36. gxh6 g3 37. h7 g2 38. h8=Q g1=Q 39. Qh7+ Kd8 40. Qh4+ Kc7 41. Qf4+ Kd8 42. Qd6+ Ke8 43. Qe6+ Kf8 44. Qg4 Qh1+ 45. Ke5 Qe1+ 46. Kf4 Qd2+ 47. Kg3 Qe1+ 48. Kf4 Qd2+ 49. Kf5 Qd3+ 50. Kf6 Qf1+ 51. Qf5 Qc4 52. Ke5+ Ke7 53. Qf6+ Kd7 54. Qd6+ Kc8 55. Qe6+ Qxe6+ 56. Kxe6 b5 57. axb5 axb5 58. Kd5 Kc7 59. Kc5 b4 60. Kxb4 Kd6 61. Kc4 Kc6 62. d5+ Kd6 63. Kd4 Kd7 64. h4 Kd6 65. h5 Kd7 66. Kc5 Ke7 67. h6 Kd7 68. h7 Kc7 69. d6+ Kd7 70. h8=Q Ke6 71. Qh6+ Ke5 72. Qe3+ Kf6 73. Kd5 Kf7 74. Ke5 Kg6 75. Ke6 1-0

[Event "CYCC U10"]
[Site "Ottawa CAN"]
[Date "2007.07.06"]
[Round "7"]
[White "Leveille, Francois1"]
[Black "Patenaude, Roch"]
[Result "1-0"]
[WhiteElo "988"]
[BlackElo "999"]
[PlyCount "139"]
[GameId "2160767910650800"]
[EventDate "2007.07.03"]
[EventType "swiss"]
[EventRounds "7"]
[EventCountry "CAN"]
[SourceTitle "EXT 2022"]
[Source "ChessBase"]
[SourceDate "2021.10.06"]
[SourceVersion "1"]
[SourceVersionDate "2021.10.06"]
[SourceQuality "1"]

1. e4 g6 2. d4 e6 3. Nf3 d5 4. exd5 Qe7 5. dxe6 Qxe6+ 6. Ne5 b6 7. Bb5+ Bd7 8. Bxd7+ Nxd7 9. Qg4 Nb8 10. Qxe6+ fxe6 11. Nxg6 Bb4+ 12. c3 Nd7 13. Nxh8 Bd6 14. O-O O-O-O 15. Nf7 Rf8 16. Nxd6+ cxd6 17. Nd2 Nh6 18. Nc4 Nf7 19. Bf4 Kc7 20. Rfe1 b5 21. Nxd6 Nd8 22. Nxb5+ Kb7 23. Nd6+ Kc6 24. Rad1 Rxf4 25. g3 Rf3 26. Kg2 Rf6 27. Ne4 Rf5 28. g4 Rb5 29. Rb1 h6 30. c4 Rb4 31. b3 Nf7 32. a3 Rb8 33. h4 Rg8 34. f3 Rh8 35. b4 h5 36. b5+ Kc7 37. Ng5 Nd6 38. Nxe6+ Kc8 39. Rec1 hxg4 40. fxg4 Rxh4 41. Kg3 Rh6 42. d5 Ne5 43. g5 Rg6 44. c5 Ne4+ 45. Kf4 Nf2 46. Kxe5 Nd3+ 47. Kf5 Rg8 48. Rc3 Nf2 49. g6 Rh8 50. Kf6 Ng4+ 51. Kf7 Kd7 52. g7 Rb8 53. g8=Q Rxg8 54. Kxg8 Nh6+ 55. Kg7 Nf5+ 56. Kf6 Nh6 57. c6+ Kd6 58. c7 Ng4+ 59. Kf7 Nh6+ 60. Ke8 Kxd5 61. c8=Q Ke5 62. Rd1 Ke4 63. Qc4+ Kf5 64. Rc2 Kf6 65. Re2 a6 66. Qh4+ Kf5 67. Rf1+ Kg6 68. Qxh6+ Kxh6 69. Rg2 Kh5 70. Rh1# 1-0

[Event "CYCC U10"]
[Site "Ottawa CAN"]
[Date "2007.07.06"]
[Round "7"]
[White "Levesque, Brale"]
[Black "Dumais, Remi"]
[Result "1-0"]
[WhiteElo "1224"]
[BlackElo "944"]
[PlyCount "91"]
[GameId "2160767910650801"]
[EventDate "2007.07.03"]
[EventType "swiss"]
[EventRounds "7"]
[EventCountry "CAN"]
[SourceTitle "EXT 2022"]
[Source "ChessBase"]
[SourceDate "2021.10.06"]
[SourceVersion "1"]
[SourceVersionDate "2021.10.06"]
[SourceQuality "1"]

1. e4 e5 2. Nf3 Nc6 3. Bb5 a6 4. Bxc6 dxc6 5. d4 Bb4+ 6. c3 Bd6 7. dxe5 Ne7 8. exd6 cxd6 9. e5 Nd5 10. c4 Ne7 11. Qxd6 Qa5+ 12. Bd2 Qd8 13. Qxd8+ Kxd8 14. Ng5 f6 15. Nf7+ Ke8 16. Nxh8 fxe5 17. O-O Bf5 18. Re1 e4 19. Nc3 Kf8 20. g4 Bxg4 21. Rxe4 Bf3 22. Rf4+ Kg8 23. Rxf3 Kxh8 24. Re1 Ng6 25. Rfe3 Kg8 26. R1e2 Rf8 27. Re8 b5 28. cxb5 axb5 29. Nxb5 cxb5 30. Bb4 h6 31. f4 Nxf4 32. Rxf8+ Kh7 33. Rxf4 g5 34. Rf7+ Kg6 35. Ref2 Kh5 36. Rg7 Kg4 37. Kh1 Kh4 38. Rf3 Kg4 39. Rg3+ Kh5 40. Rh3+ Kg4 41. Rxh6 Kf5 42. Bc3 b4 43. Rf6+ Kg4 44. Bd2 b3 45. Rxg5+ Kh4 46. Rh6# 1-0

[Event "CYCC U10"]
[Site "Ottawa CAN"]
[Date "2007.07.06"]
[Round "7"]
[White "Luo, Zhao Yang"]
[Black "Dorrance, Adam"]
[Result "1-0"]
[WhiteElo "1795"]
[BlackElo "1484"]
[PlyCount "119"]
[GameId "2160767910650802"]
[EventDate "2007.07.03"]
[EventType "swiss"]
[EventRounds "7"]
[EventCountry "CAN"]
[SourceTitle "EXT 2022"]
[Source "ChessBase"]
[SourceDate "2021.10.06"]
[SourceVersion "1"]
[SourceVersionDate "2021.10.06"]
[SourceQuality "1"]

1. e4 c6 2. d4 d5 3. exd5 cxd5 4. c4 Nf6 5. Nc3 e6 6. a3 Nc6 7. Nf3 Bd6 8. Bd3 O-O 9. Bg5 h6 10. Bh4 dxc4 11. Bxc4 Qb6 12. Qb3 Nxd4 13. Qxb6 Nxf3+ 14. gxf3 axb6 15. O-O-O Bf4+ 16. Kb1 g5 17. Bg3 Nh5 18. Bxf4 Nxf4 19. Ne2 Nxe2 20. Bxe2 Ra5 21. Rd6 Re5 22. Re1 b5 23. Rb6 Bd7 24. Rd1 Bc6 25. Rd2 f5 26. Kc2 Rc8 27. Kd1 Rc5 28. Rd6 Kf7 29. b4 Rc3 30. Bxb5 Bxf3+ 31. Kd2 Rc2+ 32. Ke3 g4 33. Rxe6 Bc6 34. Bxc6 Rc3+ 35. Kd4 R3xc6 36. Rexc6 bxc6 37. Ke5 Kg6 38. a4 Re8+ 39. Kf4 Re4+ 40. Kg3 Kg5 41. a5 f4+ 42. Kg2 Re1 43. h3 f3+ 44. Kh2 Rf1 45. hxg4 Rxf2+ 46. Kg3 Rg2+ 47. Kxf3 Rxg4 48. a6 Rf4+ 49. Ke3 Rf8 50. Rxc6 Ra8 51. b5 h5 52. Rc1 h4 53. Ra1 h3 54. b6 h2 55. b7 Rxa6 56. b8=Q Rxa1 57. Qe5+ Kh4 58. Qxa1 Kg3 59. Qh1 Kh3 60. Kf4 1-0